Guess the singer - H - Statistics

General Stats
  • This quiz has been taken 112 times
  • The average score is 5 of 20
Answer Stats
Hint Answer % Correct
Watermelon Sugar Harry Styles
88%
Take Me To Church Hozier
79%
MMMBop Hanson
52%
Without Me Halsey
42%
The Power of Love Huey Lewis & the News
37%
Don't You Want Me The Human League
29%
Airplanes Hayley Williams
28%
The Reason Hoobastank
28%
You Make My Dreams Hall & Oates
27%
Alone Heart
22%
Starving Hailee Steinfeld
15%
Only Wanna Be With You Hootie & the Blowfish
14%
Could've Been H.E.R.
10%
Highwayman The Highwaymen
8%
Hate To Say I Told You So The Hives
8%
The Wire HAIM
6%
What a Beautiful Name Hillsong Worship
3%
Rivers and Roas The Head and the Heart
3%
Engineers Hp Boyz
2%
Let Me Hold You Hybrid Minds
1%
No matching quizzes found
Score Distribution
Percent of People with Each Score
Percentile by Number Answered
Your Score History
You have not taken this quiz